LEADER 01195nam a2200277 i 4500 001 000000183027 003 CaOOAMICUS 005 20091104000000.0 008 091104s1936 it u000 u ita u 013 $a160989 040 $aSeMil$bita 100 1 $aVercesi, Ernesto.$0(OLS)http://semarc/name/36890 245 10$aTre pontificati :$bLeone 12., Pio 8., Gregorio 16 /$cErnesto Vercesi. 260 $aTorino :$bSEI,$c1936. 300 $a344 p. ;$c20 cm. 490 0 $aI papi del secolo 19 ;$v2. 600 04$aGregorio XVI .$0(OLS)http://semarc/subject/3525 600 04$aLeone XII .$0(OLS)http://semarc/subject/4919 600 04$aPio VIII .$0(OLS)http://semarc/subject/4918 650 4$aChiesa - Storia - Sec. 18.-19.$0(OLS)http://semarc/subject/4940 830 2$aI papi del secolo 19 ;$v2.$0(OLS)http://semarc/title/29813 850 $aSeMil 852 $aSeMil$W1$xVenegono$y1$m3E II 157$j133731$B133731$CSeMilBibl$Z2$F145450 $81 961 $aOmaggio: Donazione 996 $6245$aTre pontificati :$bLeone 12., Pio 8., Gregorio 16$9(OLS)http://semarc/title/262678 996 $6260$aTorino :$bSEI$9(OLS)http://semarc/publisher/29848 LEADER 00994nam a2200241 i 4500 001 000000045882 003 CaOOAMICUS 005 20090717000000.0 008 090717s1946 it u000 u ita u 013 $a17052 040 $aSeMil$bita 245 13$aIl Catechismo romano del Concilio di Trento /$cversione introduzione e note di Luigi Andrianopoli. 260 $aCittą del vaticano :$bCivitas Gentium,$ccopyr. 1946. 300 $a479 p. ;$c21 cm. 650 4$aCatechismus Romanus.$0(OLS)http://semarc/subject/1957 700 1 $aAndrianopoli, Luigi.$0(OLS)http://semarc/name/20919 710 2 $aChiesa Cattolica.$0(OLS)http://semarc/name/987 850 $aSeMil 852 $aSeMil$W1$xVenegono$y1$m2A III 28$j12037$B12037$CSeMilBibl$Z2$F12037 $81 910 2 $aSanta Sede. 996 $6245$aIl Catechismo romano del Concilio di Trento$9(OLS)http://semarc/title/68414 996 $6260$aCittą del vaticano :$bCivitas Gentium$9(OLS)http://semarc/publisher/34017